000
00372nam a2200145Ia 4500
008
100122s9999 xx 000 0 und d
082
_b
43486
_a
136.7
100
_a
राजे शैलजा
245
_a
सावर
260
_b
दिलीप प्रकाशन
_c
1978
300
_a
168
630
_a
सावर
730
_a
सावर
942
_c
BOOK
999
_c
423522
_d
423519